<?xml version="1.0" encoding="UTF-8"?>
<record
    xmlns:xsi="http://www.w3.org/2001/XMLSchema-instance"
    xsi:schemaLocation="http://www.loc.gov/MARC21/slim http://www.loc.gov/standards/marcxml/schema/MARC21slim.xsd"
    xmlns="http://www.loc.gov/MARC21/slim">

  <leader>01337nam a2200241Ia 4500</leader>
  <datafield tag="999" ind1=" " ind2=" ">
    <subfield code="c">36208</subfield>
    <subfield code="d">36208</subfield>
  </datafield>
  <controlfield tag="001">2111</controlfield>
  <controlfield tag="003">GE_BSU</controlfield>
  <controlfield tag="005">20190524153523.0</controlfield>
  <controlfield tag="008">181216s1985||||ge |||||||||||||| ||geo||</controlfield>
  <datafield tag="040" ind1=" " ind2=" ">
    <subfield code="c">GE_BSU</subfield>
  </datafield>
  <datafield tag="041" ind1=" " ind2=" ">
    <subfield code="a">geo</subfield>
  </datafield>
  <datafield tag="080" ind1=" " ind2=" ">
    <subfield code="a">59(07508)(072) &#x10D1;&#x2013; 20</subfield>
  </datafield>
  <datafield tag="100" ind1=" " ind2=" ">
    <subfield code="a">&#x10D1;&#x10D0;&#x10DA;&#x10D0;&#x10D5;&#x10D0;&#x10EB;&#x10D4;, &#x10D4;.</subfield>
    <subfield code="9">1573</subfield>
  </datafield>
  <datafield tag="245" ind1=" " ind2=" ">
    <subfield code="b">&#x10D3;&#x10D0;&#x10DB;&#x10EE;&#x10DB;. &#x10E1;&#x10D0;&#x10EE;&#x10D4;&#x10DA;&#x10DB;&#x10EB;&#x10E6;&#x10D5;. &#x10DE;&#x10D4;&#x10D3;. &#x10D8;&#x10DC;-&#x10E2;&#x10D8;&#x10E1; &#x10E1;&#x10E2;&#x10E3;&#x10D3;&#x10D4;&#x10DC;&#x10E2;&#x10D4;&#x10D1;&#x10D8;&#x10E1;&#x10D0;&#x10D7;&#x10D5;&#x10D8;&#x10E1; /</subfield>
    <subfield code="a">&#x10DE;&#x10E0;&#x10D0;&#x10E5;&#x10E2;&#x10D8;&#x10D9;&#x10E3;&#x10DA;-&#x10DA;&#x10D0;&#x10D1;&#x10DD;&#x10E0;&#x10D0;&#x10E2;&#x10DD;&#x10E0;&#x10D8;&#x10E3;&#x10DA;&#x10D8; &#x10E1;&#x10D0;&#x10DB;&#x10E3;&#x10E8;&#x10D0;&#x10DD;&#x10D4;&#x10D1;&#x10D8;&#x10E1; &#x10DB;&#x10D4;&#x10D7;&#x10DD;&#x10D3;&#x10E3;&#x10E0;&#x10D8; &#x10E1;&#x10D0;&#x10EE;&#x10D4;&#x10DA;&#x10DB;&#x10EB;&#x10E6;&#x10D5;&#x10D0;&#x10DC;&#x10D4;&#x10DA;&#x10DD; &#x10EE;&#x10D4;&#x10E0;&#x10EE;&#x10D4;&#x10DB;&#x10DA;&#x10D8;&#x10D0;&#x10DC;&#x10D7;&#x10D0; &#x10D1;&#x10D8;&#x10DD;&#x10DA;&#x10DD;&#x10D2;&#x10D8;&#x10D0;&#x10E8;&#x10D8; :</subfield>
    <subfield code="c">&#x10D4;. &#x10D1;&#x10D0;&#x10DA;&#x10D0;&#x10D5;&#x10D0;&#x10EB;&#x10D4;, &#x10D5;. &#x10E8;&#x10D0;&#x10E0;&#x10D5;&#x10D0;&#x10E8;&#x10D8;&#x10EB;&#x10D4;, &#x10E1;. &#x10D4;&#x10DA;&#x10D8;&#x10D6;&#x10D1;&#x10D0;&#x10E0;&#x10D0;&#x10E8;&#x10D5;&#x10D8;&#x10DA;&#x10D8;.</subfield>
  </datafield>
  <datafield tag="264" ind1=" " ind2=" ">
    <subfield code="a">&#x10D7;&#x10D1;&#x10D8;&#x10DA;&#x10D8;&#x10E1;&#x10D8; :</subfield>
    <subfield code="b">&#x10D2;&#x10D0;&#x10DC;&#x10D0;&#x10D7;&#x10DA;&#x10D4;&#x10D1;&#x10D0;,</subfield>
    <subfield code="c">1985.</subfield>
  </datafield>
  <datafield tag="300" ind1=" " ind2=" ">
    <subfield code="a">255 &#x10D2;&#x10D5;. ;</subfield>
    <subfield code="b">22 &#x10E1;&#x10DB;.</subfield>
  </datafield>
  <datafield tag="504" ind1=" " ind2=" ">
    <subfield code="a"> &#x10D1;&#x10D8;&#x10D1;&#x10DA;&#x10D8;&#x10DD;&#x10D2;&#x10E0;.: &#x10D2;&#x10D5;. 247. - &#x10E1;&#x10D0;&#x10D2;&#x10D0;&#x10DC;&#x10D7;&#x10D0; &#x10E1;&#x10D0;&#x10EB;&#x10D8;&#x10D4;&#x10D1;&#x10D4;&#x10DA;&#x10D8;: &#x10D2;&#x10D5;. 248-252.</subfield>
  </datafield>
  <datafield tag="653" ind1=" " ind2=" ">
    <subfield code="a">&#x10D1;&#x10D8;&#x10DD;&#x10DA;&#x10DD;&#x10D2;&#x10D8;&#x10D0;</subfield>
  </datafield>
  <datafield tag="653" ind1=" " ind2=" ">
    <subfield code="a">&#x10EE;&#x10D4;&#x10E0;&#x10EE;&#x10D4;&#x10DB;&#x10DA;&#x10D8;&#x10D0;&#x10DC;&#x10D4;&#x10D1;&#x10D8;</subfield>
  </datafield>
  <datafield tag="700" ind1=" " ind2=" ">
    <subfield code="a">&#x10E8;&#x10D0;&#x10E0;&#x10D5;&#x10D0;&#x10E8;&#x10D8;&#x10EB;&#x10D4;,  &#x10D5;. </subfield>
    <subfield code="e">&#x10D0;&#x10D5;&#x10E2;&#x10DD;&#x10E0;&#x10D8;</subfield>
    <subfield code="9">1574</subfield>
  </datafield>
  <datafield tag="700" ind1=" " ind2=" ">
    <subfield code="a">&#x10D4;&#x10DA;&#x10D8;&#x10D6;&#x10D1;&#x10D0;&#x10E0;&#x10D0;&#x10E8;&#x10D5;&#x10D8;&#x10DA;&#x10D8;, &#x10E1;.</subfield>
    <subfield code="9">1575</subfield>
    <subfield code="e">&#x10D0;&#x10D5;&#x10E2;&#x10DD;&#x10E0;&#x10D8;</subfield>
  </datafield>
  <datafield tag="942" ind1=" " ind2=" ">
    <subfield code="c">BK</subfield>
    <subfield code="2">udc</subfield>
  </datafield>
  <datafield tag="952" ind1=" " ind2=" ">
    <subfield code="0">0</subfield>
    <subfield code="1">0</subfield>
    <subfield code="2">udc</subfield>
    <subfield code="4">0</subfield>
    <subfield code="6">5907508072_&#x10D1;_20</subfield>
    <subfield code="7">0</subfield>
    <subfield code="9">34944</subfield>
    <subfield code="a">CPL</subfield>
    <subfield code="b">CPL</subfield>
    <subfield code="c">GEN</subfield>
    <subfield code="d">2018-12-17</subfield>
    <subfield code="g">10.00</subfield>
    <subfield code="o">59(07508)(072) &#x10D1;&#x2013; 20</subfield>
    <subfield code="p">4324</subfield>
    <subfield code="r">2018-12-17</subfield>
    <subfield code="t">4324</subfield>
    <subfield code="w">2018-12-17</subfield>
    <subfield code="y">BK</subfield>
    <subfield code="z">10 &#x10DA;.</subfield>
  </datafield>
</record>
